[Event "BRA-ch 90th"]
[Site "Natal"]
[Date "2024.12.20"]
[Round "10"]
[White "Bouwman, Marcelo Wanderley"]
[Black "Patroclo, Arthur Ruiz"]
[Result "0-1"]
[WhiteElo "2196"]
[BlackElo "2108"]
[PlyCount "51"]
[EventDate "2024.12.13"]
[EventType "swiss"]
[EventRounds "11"]
[EventCountry "BRA"]
[SourceTitle "CB52_2024"]
[SourceDate "2024.12.25"]
[SourceVersion "1"]
[SourceVersionDate "2024.12.25"]
[SourceQuality "1"]

1. e4 d5 2. exd5 Nf6 3. Nf3 Bg4 4. h3 Bh5 5. c4 c6 6. Nc3 cxd5 7. g4 Bg6 8. Qb3 d4 9. Nd5 Nc6 10. Qxb7 Rc8 11. d3 e6 12. Nxf6+ gxf6 13. Bd2 h5 14. Rg1 hxg4 15. hxg4 Be7 16. 0-0-0 Kf8 17. Be2 Kg7 18. Rh1 Re8 19. Nh4 Bh7 20. Rdg1 Rc7 21. Qb5 Ne5 22. Ba5 Rh8 23. g5 Bg6 24. f4 Rxh4 25. Rxh4 Nd7 26. gxf6+ 0-1

[Event "BRA-ch 90th"]
[Site "Natal"]
[Date "2024.12.19"]
[Round "9"]
[White "Souza, Rafael Cabral de"]
[Black "Bouwman, Marcelo Wanderley"]
[Result "0-1"]
[WhiteElo "2079"]
[BlackElo "2196"]
[PlyCount "160"]
[EventDate "2024.12.13"]
[EventType "swiss"]
[EventRounds "11"]
[EventCountry "BRA"]
[SourceTitle "CB52_2024"]
[SourceDate "2024.12.25"]
[SourceVersion "1"]
[SourceVersionDate "2024.12.25"]
[SourceQuality "1"]

1. Nf3 Nf6 2. c4 g6 3. g3 Bg7 4. Bg2 d6 5. Nc3 0-0 6. d3 e5 7. b4 e4 8. dxe4 Re8 9. Nd2 h6 10. Rb1 Nc6 11. 0-0 a5 12. b5 Ne5 13. Nd5 Ned7 14. Ba3 Rb8 15. f3 b6 16. Bh3 Nc5 17. Bxc8 Qxc8 18. Kg2 Nh7 19. h4 Nf6 20. Ne3 Nh5 21. Bb2 Bxb2 22. Rxb2 Qe6 23. Rb1 Qe5 24. Qe1 f5 25. Nd5 fxe4 26. Nxc7 Rf8 27. Nd5 e3 28. Nb3 Ne6 29. Nc1 Nc5 30. Nb3 Ne4 31. f4 Qe8 32. Rf3 Nhxg3 33. Rxg3 Nxg3 34. Kxg3 g5 35. hxg5 hxg5 36. Qh1 gxf4+ 37. Kf3 Rb7 38. Qh6 Rg7 39. Nxf4 Rxf4+ 40. Qxf4 Rf7 41. Rg1+ Kf8 42. Rg4 Rxf4+ 43. Rxf4+ Kg7 44. Rg4+ Kf6 45. Rf4+ Kg5 46. Rg4+ Kh5 47. Re4 Qg6 48. Kxe3 a4 49. Nc1 Qg5+ 50. Rf4 Qe5+ 51. Kf3 Qb2 52. Nd3 Qxa2 53. Nb4 Qb3+ 54. Nd3 a3 55. Kf2 a2 56. Nc1 Qb2 57. Nxa2 Qxa2 58. Rd4 Qa3 59. e3 Kg5 60. Kf3 Kf5 61. Rf4+ Ke6 62. Re4+ Kd7 63. Rd4 Qc3 64. Ke4 Qc2+ 65. Kf3 Ke6 66. Re4+ Kf5 67. Rd4 Ke5 68. Rd5+ Ke6 69. Rd4 Qf5+ 70. Rf4 Qh3+ 71. Ke4 Qg2+ 72. Kd3 d5 73. Rd4 Qf1+ 74. Kc3 Qc1+ 75. Kd3 dxc4+ 76. Rxc4 Qb1+ 77. Kc3 Qxb5 78. Rd4 Qc5+ 79. Kb3 Qc1 80. Rd3 b5 0-1

[Event "BRA-ch 90th"]
[Site "Natal"]
[Date "2024.12.13"]
[Round "1"]
[White "De Araujo, Luiz Glaudivan Silv"]
[Black "Bouwman, Marcelo Wanderley"]
[Result "0-1"]
[WhiteElo "1721"]
[BlackElo "2196"]
[PlyCount "86"]
[EventDate "2024.12.13"]
[EventType "swiss"]
[EventRounds "11"]
[EventCountry "BRA"]
[SourceTitle "CB52_2024"]
[SourceDate "2024.12.25"]
[SourceVersion "1"]
[SourceVersionDate "2024.12.25"]
[SourceQuality "1"]

1. e4 e6 2. Ne2 d5 3. Ng3 c5 4. Bb5+ Nc6 5. 0-0 Nge7 6. d3 Bd7 7. Nd2 g6 8. c3 Bg7 9. Nf3 Qb6 10. Ba4 0-0-0 11. a3 f5 12. Rb1 Kb8 13. Qb3 Qc7 14. Qc2 Rhf8 15. exd5 Nxd5 16. Bd2 Nb6 17. Bb3 Na5 18. Ba2 c4 19. d4 h6 20. Rbe1 g5 21. Ne5 Ba4 22. Qc1 f4 23. Nh1 Rd5 24. Nf3 Bd7 25. Re2 g4 26. Ne5 Bxe5 27. Rxe5 Rxe5 28. Bxf4 Rxf4 29. Qxf4 Re2 30. Qf8+ Nc8 31. Qxh6 Rxb2 32. Bb1 Nb3 33. Qg6 e5 34. Bf5 Bxf5 35. Qxf5 exd4 36. Ng3 dxc3 37. Qf6 Nd2 38. Qxc3 Nxf1 39. Qxb2 Nxg3 40. hxg3 c3 41. Qc2 Qc4 42. f3 Qd4+ 43. Kh2 gxf3 0-1

[Event "Recife Pernambucano op"]
[Site "Recife"]
[Date "2024.12.08"]
[Round "5"]
[White "Bouwman, Marcelo Wanderley"]
[Black "Guerra, Thiago Ribeiro"]
[Result "1-0"]
[WhiteElo "2196"]
[BlackElo "1906"]
[PlyCount "63"]
[EventDate "2024.12.06"]
[EventType "swiss"]
[EventRounds "6"]
[EventCountry "BRA"]
[SourceTitle "CB50_2024"]
[SourceDate "2024.11.01"]
[SourceVersion "1"]
[SourceVersionDate "2024.11.01"]
[SourceQuality "2"]

1. e4 e5 2. Nf3 Nc6 3. Bb5 a6 4. Ba4 Nf6 5. 0-0 Be7 6. d3 b5 7. Bb3 0-0 8. Nc3 d6 9. a3 Be6 10. Nd5 h6 11. h3 Re8 12. c3 Bf8 13. Be3 Bxd5 14. exd5 Ne7 15. c4 Rb8 16. Nd2 Nf5 17. Qf3 Qd7 18. a4 e4 19. dxe4 Nxe3 20. Qxe3 bxc4 21. Bxc4 Rxb2 22. Bxa6 Ra8 23. Bb5 Qe7 24. Rfc1 g5 25. Nc4 Rxb5 26. axb5 Rxa1 27. Rxa1 Qxe4 28. Qxe4 Nxe4 29. Ra8 Nc3 30. b6 cxb6 31. Nxb6 Kg7 32. Re8 1-0

[Event "Recife Pernambucano op"]
[Site "Recife"]
[Date "2024.12.07"]
[Round "3"]
[White "Bouwman, Marcelo Wanderley"]
[Black "Bulhoes, Benicio Rocha"]
[Result "1-0"]
[WhiteElo "2196"]
[BlackElo "1936"]
[PlyCount "81"]
[EventDate "2024.12.06"]
[EventType "swiss"]
[EventRounds "6"]
[EventCountry "BRA"]
[SourceTitle "CB50_2024"]
[SourceDate "2024.11.01"]
[SourceVersion "1"]
[SourceVersionDate "2024.11.01"]
[SourceQuality "2"]

1. e4 e5 2. Nf3 Nc6 3. Bb5 a6 4. Ba4 Nf6 5. d3 b5 6. Bb3 Be7 7. a4 Rb8 8. Nc3 d6 9. h3 0-0 10. g4 Be6 11. g5 Nd7 12. axb5 axb5 13. Nd5 Nc5 14. Ba2 Bxd5 15. Bxd5 Nb4 16. Be3 Nxd5 17. exd5 Nd7 18. h4 Nb6 19. Bxb6 Rxb6 20. Nd2 Re8 21. Ne4 c6 22. Nc3 b4 23. Na4 Ra6 24. dxc6 Qa8 25. b3 Qxc6 26. 0-0 Rc8 27. Rc1 Qd5 28. Qg4 Rac6 29. Nb6 Rxb6 30. Qxc8+ Bf8 31. Qg4 Qc5 32. Rfe1 h6 33. Re4 Qc3 34. Rc4 Qb2 35. Qd1 d5 36. Rb1 Qa2 37. Ra1 Qb2 38. Rc8 Qd4 39. Raa8 Qxh4 40. Rxf8+ Kh7 41. Qf3 1-0

[Event "Joao Pessoa Fischer Memorial 11th"]
[Site "Joao Pessoa"]
[Date "2022.05.07"]
[Round "3"]
[White "Bouwman, Marcelo Wanderley"]
[Black "Barros, Rebeca Lopes de Sou"]
[Result "1-0"]
[WhiteElo "2140"]
[BlackElo "1673"]
[PlyCount "81"]
[EventDate "2022.05.06"]
[EventType "swiss"]
[EventRounds "6"]
[EventCountry "BRA"]
[SourceTitle "EXT 2023"]
[Source "ChessBase"]
[SourceDate "2022.10.05"]
[SourceVersion "1"]
[SourceVersionDate "2022.10.05"]
[SourceQuality "1"]

1. e4 d6 2. d4 Nf6 3. Nc3 g6 4. Bg5 Bg7 5. Qd2 e5 6. d5 Nbd7 7. 0-0-0 h6 8. Bh4 g5 9. Bg3 Nh5 10. Nge2 Nxg3 11. Nxg3 Nb6 12. Bb5+ Bd7 13. Nf5 Bf8 14. h4 f6 15. Qe2 Bxb5 16. Qh5+ Kd7 17. Qf7+ Kc8 18. Nxb5 a6 19. Na3 Nd7 20. Nc4 Nc5 21. f3 g4 22. h5 gxf3 23. gxf3 b6 24. Rhg1 Kb7 25. Rg6 Nd7 26. Rdg1 Qe8 27. Qe6 Rh7 28. b4 a5 29. c3 axb4 30. cxb4 Qd8 31. Qg8 Re7 32. Nxe7 Qxe7 33. Qe6 Rxa2 34. Qxe7 Bxe7 35. Kb1 Ra4 36. Rg7 Rxb4+ 37. Nb2 f5 38. Rxe7 Nc5 39. exf5 Nd3 40. Rg2 Nxb2 41. Rxb2 1-0

[Event "Pernambuco Magistral Masters"]
[Site "Recife"]
[Date "2021.10.10"]
[Round "3"]
[White "Bouwman, Marcelo Wanderley"]
[Black "Urquiza, Marcello de Albuque"]
[Result "1/2-1/2"]
[WhiteElo "2186"]
[BlackElo "2093"]
[PlyCount "27"]
[EventDate "2021.10.09"]
[EventType "tourn"]
[EventRounds "7"]
[EventCountry "BRA"]
[SourceTitle "EXT 2023"]
[Source "ChessBase"]
[SourceDate "2022.10.05"]
[SourceVersion "1"]
[SourceVersionDate "2022.10.05"]
[SourceQuality "1"]

1. e4 c5 2. Nf3 e6 3. d4 cxd4 4. Nxd4 a6 5. Nc3 Qc7 6. Be2 b5 7. a3 Bb7 8. 0-0 Nf6 9. Bf3 d6 10. g4 h6 11. Bg2 Nc6 12. Nxc6 Bxc6 13. f4 d5 14. exd5 1/2-1/2

[Event "American Continental 15th"]
[Site "Sao Paulo"]
[Date "2019.07.09"]
[Round "7"]
[White "Caceres Vasquez, Sergio"]
[Black "Bouwman, Marcelo Wanderley"]
[Result "1/2-1/2"]
[WhiteElo "2081"]
[BlackElo "2234"]
[PlyCount "108"]
[EventDate "2019.07.05"]
[EventType "swiss"]
[EventRounds "11"]
[EventCountry "BRA"]
[SourceTitle "CBM 191 Extra"]
[Source "ChessBase"]
[SourceDate "2019.09.30"]
[SourceVersion "1"]
[SourceVersionDate "2019.09.30"]
[SourceQuality "1"]

1. d4 Nf6 2. c4 g6 3. Nc3 Bg7 4. e4 d6 5. f4 0-0 6. Nf3 c5 7. d5 e6 8. Be2 exd5 9. cxd5 Bg4 10. 0-0 Nbd7 11. h3 Bxf3 12. Bxf3 Re8 13. g4 h6 14. h4 Nh7 15. g5 a6 16. Kg2 b5 17. Rh1 b4 18. Ne2 a5 19. Ng3 hxg5 20. hxg5 Ndf8 21. Qc2 Ra7 22. Be3 f6 23. gxf6 Bxf6 24. Rag1 Rg7 25. Kf1 Bd4 26. Bxd4 cxd4 27. Qd3 Qf6 28. Ne2 g5 29. Qxd4 gxf4 30. Rxg7+ Kxg7 31. Rg1+ Kh8 32. Rg4 Rc8 33. Rxf4 Rc1+ 34. Kf2 Qxd4+ 35. Nxd4 Rb1 36. b3 Rb2+ 37. Ke3 Rxa2 38. Rf7 a4 39. bxa4 Rxa4 40. Rb7 Ng6 41. Bg4 Ra3+ 42. Kf2 Nf6 43. Bf5 Ra2+ 44. Ke3 Ra3+ 45. Kd2 Ne5 46. Rxb4 Nf3+ 47. Nxf3 Rxf3 48. Rb6 Nxd5 49. Rxd6 Ne7 50. Bd7 Kg7 51. e5 Ng6 52. e6 Kf6 53. Ra6 Ke7 54. Ra8 Nf8 1/2-1/2

[Event "American Continental 15th"]
[Site "Sao Paulo"]
[Date "2019.07.07"]
[Round "3"]
[White "Mariani, Daniel Brandao"]
[Black "Bouwman, Marcelo Wanderley"]
[Result "0-1"]
[WhiteElo "2062"]
[BlackElo "2234"]
[PlyCount "124"]
[EventDate "2019.07.05"]
[EventType "swiss"]
[EventRounds "11"]
[EventCountry "BRA"]
[SourceTitle "CBM 191 Extra"]
[Source "ChessBase"]
[SourceDate "2019.09.30"]
[SourceVersion "1"]
[SourceVersionDate "2019.09.30"]
[SourceQuality "1"]

1. d4 Nf6 2. c4 g6 3. Nc3 Bg7 4. e4 d6 5. f4 0-0 6. Nf3 c5 7. d5 e6 8. Be2 Re8 9. e5 dxe5 10. fxe5 Ng4 11. Bg5 Qa5 12. 0-0 Nd7 13. Ne4 exd5 14. cxd5 Ndxe5 15. Nxe5 Rxe5 16. Nf6+ Nxf6 17. Bxf6 Bxf6 18. Rxf6 Bf5 19. g4 Rae8 20. gxf5 Rxe2 21. Re6 R2xe6 22. fxe6 fxe6 23. dxe6 Qb4 24. Qf3 Rxe6 25. Rf1 Qd4+ 26. Rf2 Re1+ 27. Kg2 Qe4 28. Qxe4 Rxe4 29. Kf3 Re7 30. Rd2 Kf7 31. Rd6 b6 32. Kf2 Re8 33. Rd2 Re4 34. Kf3 Re5 35. Kf4 Re1 36. a3 Re7 37. Kg5 Re5+ 38. Kf4 Ke6 39. Rd8 Rf5+ 40. Ke3 Rh5 41. Rd2 Ke5 42. Kf3 Rh3+ 43. Kg4 Rb3 44. Kg5 c4 45. Kh6 Rh3+ 46. Kg7 b5 47. Rg2 a6 48. Re2+ Kd6 49. Kf6 Kd5 50. Kg5 a5 51. Kf4 Rb3 52. h4 Kd4 53. Rd2+ Rd3 54. Re2 Rh3 55. Rd2+ Kc5 56. Kg5 b4 57. axb4+ axb4 58. Kg4 Rd3 59. Rf2 c3 60. bxc3 bxc3 61. Rf7 h6 62. Rg7 Rd6 0-1

[Event "Recife Akasaka Cup 7th"]
[Site "Recife"]
[Date "2019.04.14"]
[Round "6"]
[White "Bouwman, Marcelo Wanderley"]
[Black "Brito, Luismar"]
[Result "1/2-1/2"]
[WhiteElo "2238"]
[BlackElo "2305"]
[PlyCount "29"]
[EventDate "2019.04.12"]
[EventType "swiss"]
[EventRounds "6"]
[EventCountry "BRA"]
[SourceTitle "CBM 189 Extra"]
[Source "ChessBase"]
[SourceDate "2019.05.31"]
[SourceVersion "1"]
[SourceVersionDate "2019.05.31"]
[SourceQuality "1"]

1. e4 c5 2. Nf3 d6 3. d4 cxd4 4. Nxd4 Nf6 5. Nc3 a6 6. Be2 e5 7. Nb3 Be6 8. 0-0 Nbd7 9. Be3 Rc8 10. Qd2 Qc7 11. Rac1 Be7 12. Rfd1 0-0 13. f3 Nb6 14. Kh1 Rfd8 15. Bxb6 1/2-1/2

[Event "Joao Pessoa Fischer Memorial 10th"]
[Site "Joao Pessoa"]
[Date "2019.03.30"]
[Round "3"]
[White "Bouwman, Marcelo Wanderley"]
[Black "Chang, Suzana"]
[Result "1-0"]
[WhiteElo "2238"]
[BlackElo "1992"]
[PlyCount "45"]
[EventDate "2019.03.29"]
[EventType "swiss"]
[EventRounds "6"]
[EventCountry "BRA"]
[SourceTitle "CBM 190 Extra"]
[Source "ChessBase"]
[SourceDate "2019.07.15"]
[SourceVersion "1"]
[SourceVersionDate "2019.07.15"]
[SourceQuality "1"]

1. e4 c5 2. Nf3 e6 3. d4 cxd4 4. Nxd4 Nc6 5. Nc3 Qc7 6. Be3 a6 7. Be2 Nf6 8. a3 Be7 9. 0-0 0-0 10. f4 d6 11. Kh1 Nxd4 12. Bxd4 b5 13. Qe1 Bb7 14. Qg3 Rad8 15. Bf3 Rd7 16. Rad1 Qd8 17. Rd3 Ne8 18. Rfd1 Qa8 19. f5 exf5 20. Qh3 g6 21. exf5 Bxf3 22. Rxf3 Qd8 23. f6 1-0